[Event "EU-ch Online U2300 Qual"]
[Site "Chess.com INT"]
[Date "2020.05.25"]
[Round "6"]
[White "Buehler, Michael"]
[Black "Revuckij, Vladimir"]
[Result "0-1"]
[WhiteElo "2087"]
[BlackElo "2354"]
[PlyCount "76"]
[EventDate "2020.05.25"]
[EventType "swiss"]
[EventRounds "8"]
[EventCountry "NET"]
[SourceTitle "EXT 2021"]
[Source "ChessBase"]
[SourceDate "2020.10.23"]
[SourceVersion "1"]
[SourceVersionDate "2020.10.23"]
[SourceQuality "1"]

1. Nf3 c5 2. c4 e6 3. d4 cxd4 4. Nxd4 Nf6 5. g3 Nc6 6. Bg2 Qb6 7. Nb3 Be7 8. 0-0 d6 9. Nc3 a6 10. Be3 Qc7 11. Na4 Nd7 12. Rc1 b6 13. Nd4 Bb7 14. Nc3 Nxd4 15. Bxd4 0-0 16. Bxb7 Qxb7 17. e4 Rac8 18. Qe2 Rfe8 19. Rfd1 Bf8 20. Be3 Rc7 21. b3 Rec8 22. Qd2 b5 23. cxb5 axb5 24. f3 Ne5 25. Kg2 Rc6 26. Bd4 Nd7 27. Ne2 Nc5 28. Rc3 Qa6 29. Rdc1 Nd7 30. Rxc6 Rxc6 31. Rxc6 Qxc6 32. Qc3 Qb7 33. a4 bxa4 34. bxa4 d5 35. exd5 Qxd5 36. a5 e5 37. Be3 Qb5 38. Nc1 h6 0-1

[Event "WchT Seniors 50"]
[Site "Radebeul"]
[Date "2016.07.04"]
[Round "9.6"]
[White "Revuckij, Vladimir"]
[Black "Hebert, Jean"]
[Result "1/2-1/2"]
[WhiteElo "2401"]
[BlackElo "2370"]
[PlyCount "64"]
[EventDate "2016.06.26"]
[EventType "team-swiss"]
[EventRounds "9"]
[EventCountry "GER"]
[SourceTitle "CBM 173 Extra"]
[Source "ChessBase"]
[SourceDate "2016.08.29"]
[SourceVersion "1"]
[SourceVersionDate "2016.08.29"]
[SourceQuality "1"]
[WhiteTeam "Obuchiw"]
[BlackTeam "Canada"]
[WhiteTeamCountry "UKR"]
[BlackTeamCountry "CAN"]

1. e4 c5 2. Nf3 Nc6 3. d4 cxd4 4. Nxd4 Nf6 5. Nc3 d6 6. Bg5 Qb6 7. Nb3 e6 8. Qd2 a6 9. 0-0-0 Be7 10. f3 Qc7 11. g4 b5 12. Be3 Rb8 13. g5 Nd7 14. f4 Nc5 15. Nxc5 dxc5 16. e5 Bb7 17. Bg2 Rd8 18. Qf2 Nd4 19. Ne4 Bxe4 20. Bxe4 0-0 21. Bxd4 cxd4 22. Rd3 g6 23. h4 h6 24. gxh6 Kh8 25. Rg1 Rc8 26. Rd2 d3 27. Qg2 Qxc2+ 28. Rxc2 Rxc2+ 29. Qxc2 dxc2 30. Rg4 Rd8 31. Kxc2 Rd4 32. Bf3 b4 1/2-1/2

[Event "WchT Seniors 50"]
[Site "Radebeul"]
[Date "2016.06.29"]
[Round "4.1"]
[White "Revuckij, Vladimir"]
[Black "Hedin, Gunnar"]
[Result "1/2-1/2"]
[WhiteElo "2401"]
[BlackElo "2171"]
[PlyCount "31"]
[EventDate "2016.06.26"]
[EventType "team-swiss"]
[EventRounds "9"]
[EventCountry "GER"]
[SourceTitle "CBM 173 Extra"]
[Source "ChessBase"]
[SourceDate "2016.08.29"]
[SourceVersion "1"]
[SourceVersionDate "2016.08.29"]
[SourceQuality "1"]
[WhiteTeam "Obuchiw"]
[BlackTeam "Sweden"]
[WhiteTeamCountry "UKR"]
[BlackTeamCountry "SWE"]

1. e4 e6 2. d4 d5 3. Nc3 Bb4 4. e5 c5 5. a3 Bxc3+ 6. bxc3 Qa5 7. Bd2 Qa4 8. Qg4 Kf8 9. Qd1 b6 10. Nf3 h6 11. h4 Ne7 12. h5 Ba6 13. Rh4 Bxf1 14. Kxf1 Nbc6 15. Rf4 Ke8 16. Kg1 1/2-1/2

[Event "WchT Seniors 50"]
[Site "Radebeul"]
[Date "2016.06.28"]
[Round "3.1"]
[White "Nake, Matthias"]
[Black "Revuckij, Vladimir"]
[Result "1/2-1/2"]
[WhiteElo "2217"]
[BlackElo "2401"]
[PlyCount "29"]
[EventDate "2016.06.26"]
[EventType "team-swiss"]
[EventRounds "9"]
[EventCountry "GER"]
[SourceTitle "CBM 173 Extra"]
[Source "ChessBase"]
[SourceDate "2016.08.29"]
[SourceVersion "1"]
[SourceVersionDate "2016.08.29"]
[SourceQuality "1"]
[WhiteTeam "Dresden Gruen Weiss"]
[BlackTeam "Obuchiw"]
[WhiteTeamCountry "GER"]
[BlackTeamCountry "UKR"]

1. e4 e6 2. d4 d5 3. Nc3 Nf6 4. exd5 Nxd5 5. Nxd5 Qxd5 6. Nf3 Be7 7. Bd3 b6 8. Qe2 Bb7 9. 0-0 0-0 10. Re1 c5 11. c4 Qh5 12. Be4 Nc6 13. d5 exd5 14. Bxd5 Bd6 15. Qe4 1/2-1/2

[Event "WchT Seniors 50"]
[Site "Radebeul"]
[Date "2016.06.27"]
[Round "2.1"]
[White "Revuckij, Vladimir"]
[Black "Burchardt, Brigitte"]
[Result "1/2-1/2"]
[WhiteElo "2401"]
[BlackElo "2177"]
[PlyCount "116"]
[EventDate "2016.06.26"]
[EventType "team-swiss"]
[EventRounds "9"]
[EventCountry "GER"]
[SourceTitle "CBM 173 Extra"]
[Source "ChessBase"]
[SourceDate "2016.08.29"]
[SourceVersion "1"]
[SourceVersionDate "2016.08.29"]
[SourceQuality "1"]
[WhiteTeam "Obuchiw"]
[BlackTeam "Germany (Women)"]
[WhiteTeamCountry "UKR"]
[BlackTeamCountry "GER"]

1. c4 Nf6 2. Nc3 c5 3. Nf3 Nc6 4. d4 cxd4 5. Nxd4 Nxd4 6. Qxd4 d6 7. e4 g6 8. Bg5 Bg7 9. Be2 0-0 10. Qd2 Be6 11. f3 Rc8 12. Nd5 Re8 13. 0-0 Nd7 14. Rac1 Ne5 15. Kh1 f5 16. exf5 Bxf5 17. Rfe1 Nf7 18. Bh4 Qd7 19. Bf1 h6 20. Nxe7+ Rxe7 21. Rxe7 Qc6 22. Rce1 g5 23. Bg3 Bf6 24. R7e3 Kg7 25. b3 h5 26. Bf2 g4 27. f4 h4 28. Qd5 Qxd5 29. cxd5 Rc2 30. R3e2 Rc8 31. Rd1 g3 32. hxg3 hxg3 33. Bxg3 Bg4 34. Rde1 Bxe2 35. Bxe2 Rc2 36. Bh5 Nh6 37. Re2 Rc1+ 38. Kh2 Nf5 39. Bf2 b6 40. Bg4 Kg6 41. Bh3 Rd1 42. g4 Nd4 43. Bxd4 Rxd4 44. g5 Bg7 45. Re7 Rxf4 46. Rxa7 Be5 47. Kg2 Rd4 48. Be6 Kxg5 49. Kf3 b5 50. Ke3 b4 51. Ra6 Rh4 52. Ra8 Bd4+ 53. Kd3 Bc5 54. Rg8+ Kf6 55. Rf8+ Kg7 56. Rg8+ Kf6 57. Bg4 Kf7 58. Be6+ Kf6 1/2-1/2

[Event "Rymarov op"]
[Site "Rymarov"]
[Date "1999.??.??"]
[Round "?"]
[White "Koutsin, Sergey"]
[Black "Revuckij, Vladimir"]
[Result "1-0"]
[WhiteElo "2415"]
[BlackElo "2230"]
[PlyCount "49"]
[EventDate "1999.??.??"]
[EventType "swiss"]
[EventRounds "9"]
[EventCountry "CZE"]
[SourceTitle "EXT 2003"]
[Source "ChessBase"]
[SourceDate "2002.11.25"]
[SourceVersion "1"]
[SourceVersionDate "2002.11.25"]
[SourceQuality "1"]

1. d4 Nf6 2. Nf3 g6 3. c4 Bg7 4. Nc3 d5 5. cxd5 Nxd5 6. e4 Nxc3 7. bxc3 c5 8. Bb5+ Bd7 9. Be2 Bc6 10. Qd3 cxd4 11. cxd4 0-0 12. 0-0 Nd7 13. Ba3 a6 14. Qe3 Ba4 15. Rac1 Re8 16. d5 e6 17. dxe6 Rxe6 18. Ng5 Re8 19. Nxf7 Kxf7 20. Bc4+ Re6 21. e5 Qb6 22. Qf4+ Ke8 23. Bxe6 Qxe6 24. Qxa4 Bxe5 25. Rfe1 1-0

[Event "Szeged TT06 IM"]
[Site "Szeged"]
[Date "1998.06.21"]
[Round "4"]
[White "Ianov, Viktor"]
[Black "Revuckij, Vladimir"]
[Result "1-0"]
[WhiteElo "2360"]
[BlackElo "2215"]
[PlyCount "74"]
[EventDate "1998.06.??"]
[EventType "tourn"]
[EventRounds "9"]
[EventCountry "HUN"]
[EventCategory "2"]
[SourceTitle "EXT 1999"]
[Source "ChessBase"]
[SourceDate "1998.11.16"]
[SourceVersion "1"]
[SourceVersionDate "1998.11.16"]
[SourceQuality "1"]

1. Nf3 c5 2. g3 b6 3. Bg2 Bb7 4. c4 Nf6 5. 0-0 e6 6. Nc3 Be7 7. d4 cxd4 8. Qxd4 Nc6 9. Qf4 a6 10. Rd1 d6 11. b3 Qc7 12. Ba3 Rd8 13. Rac1 Ne5 14. Qe3 Ned7 15. Nd4 Bxg2 16. Kxg2 g6 17. Qh6 Ng4 18. Qd2 0-0 19. h3 Ngf6 20. Qe3 Rfe8 21. Kg1 Bf8 22. Qf3 Rc8 23. e3 Be7 24. Qg2 Bf8 25. Rc2 Qb8 26. Bb2 Rc7 27. g4 h6 28. f4 Kh7 29. Rf2 Rc5 30. g5 Nh5 31. Ne4 Rcc8 32. gxh6 Bxh6 33. Nf3 Bf8 34. Rfd2 d5 35. cxd5 exd5 36. Rxd5 Nc5 37. Rxh5+ gxh5 1-0

[Event "Szeged TT06 IM"]
[Site "Szeged"]
[Date "1998.06.20"]
[Round "3"]
[White "Revuckij, Vladimir"]
[Black "Flumbort, Andras"]
[Result "1/2-1/2"]
[WhiteElo "2215"]
[BlackElo "2225"]
[PlyCount "88"]
[EventDate "1998.06.??"]
[EventType "tourn"]
[EventRounds "9"]
[EventCountry "HUN"]
[EventCategory "2"]
[SourceTitle "EXT 1999"]
[Source "ChessBase"]
[SourceDate "1998.11.16"]
[SourceVersion "1"]
[SourceVersionDate "1998.11.16"]
[SourceQuality "1"]

1. e4 c5 2. c3 d5 3. exd5 Qxd5 4. d4 e6 5. Nf3 Nf6 6. Bd3 Nc6 7. 0-0 cxd4 8. cxd4 Be7 9. Nc3 Qd6 10. Nb5 Qd8 11. Bf4 Nd5 12. Bg3 a6 13. Nc3 0-0 14. Qe2 Ncb4 15. Nxd5 Nxd5 16. Rac1 Bd7 17. Ne5 Rc8 18. Nxd7 Qxd7 19. Be5 g6 20. Be4 Bg5 21. Rc5 Be7 22. Rcc1 Rfd8 23. Qf3 Bg5 24. Rc5 b6 25. Rxc8 Qxc8 26. Qg3 Be7 27. Bxd5 Rxd5 28. Qd3 b5 29. h3 Qd8 30. Qe3 Bf6 31. Re1 Kg7 32. Re2 a5 33. b3 b4 34. Kh2 h6 35. Rc2 Bxe5+ 36. dxe5 Rd4 37. Qf3 Rd5 38. Re2 Qg5 39. Qe4 h5 40. f4 Qd8 41. Qf3 Rd3 42. Qf2 Rd4 43. Rc2 Rd5 44. Re2 Rd4 1/2-1/2

[Event "Szeged TT05 IM"]
[Site "Szeged"]
[Date "1998.05.21"]
[Round "1"]
[White "Revuckij, Vladimir"]
[Black "Dovzik, Juri"]
[Result "0-1"]
[WhiteElo "2215"]
[BlackElo "2375"]
[PlyCount "69"]
[EventDate "1998.05.21"]
[EventType "tourn"]
[EventRounds "9"]
[EventCountry "HUN"]
[EventCategory "3"]
[SourceTitle "CBM 065 Extra"]
[Source "ChessBase"]
[SourceDate "1998.09.09"]
[SourceVersion "1"]
[SourceVersionDate "1998.09.09"]
[SourceQuality "1"]

1. e4 c5 2. Nf3 e6 3. d4 cxd4 4. Nxd4 Nc6 5. Nb5 Nf6 6. N1c3 d6 7. Bf4 e5 8. Bg5 a6 9. Bxf6 gxf6 10. Na3 b5 11. Nd5 f5 12. exf5 Bxf5 13. c3 Bg7 14. Nc2 0-0 15. Nce3 Be6 16. Bd3 f5 17. Qh5 e4 18. Bc2 Ne7 19. Nf4 Bf7 20. Bb3 d5 21. Qg5 h6 22. Qg3 Ra7 23. Rd1 Rd7 24. 0-0 Kh7 25. Qh3 Be5 26. Ne2 Bg6 27. Nd4 Bxd4 28. Rxd4 f4 29. Ng4 Nf5 30. Rfd1 Qg5 31. Rxd5 Rxd5 32. Rxd5 h5 33. Ne5 f3 34. Kf1 Ne3+ 35. Ke1 0-1

[Event "Szeged TT03 IM"]
[Site "Szeged"]
[Date "1998.03.25"]
[Round "7"]
[White "Revuckij, Vladimir"]
[Black "Bogdan, Dan"]
[Result "1/2-1/2"]
[WhiteElo "2215"]
[BlackElo "2410"]
[PlyCount "25"]
[EventDate "1998.03.19"]
[EventType "tourn"]
[EventRounds "9"]
[EventCountry "HUN"]
[EventCategory "2"]
[SourceTitle "CBM 063 Extra"]
[Source "ChessBase"]
[SourceDate "1998.04.29"]
[SourceVersion "1"]
[SourceVersionDate "1998.04.29"]
[SourceQuality "1"]

1. e4 e5 2. Nf3 Nc6 3. Bb5 a6 4. Bxc6 dxc6 5. 0-0 Bd6 6. d4 Bg4 7. dxe5 Bxf3 8. Qxf3 Bxe5 9. Nd2 Qf6 10. Qxf6 Bxf6 11. Nf3 0-0-0 12. c3 Re8 13. Re1 1/2-1/2

[Event "Szeged TT03 IM"]
[Site "Szeged"]
[Date "1998.03.21"]
[Round "3"]
[White "Revuckij, Vladimir"]
[Black "Dobcsanyi, David"]
[Result "1-0"]
[WhiteElo "2215"]
[BlackElo "2155"]
[PlyCount "56"]
[EventDate "1998.03.19"]
[EventType "tourn"]
[EventRounds "9"]
[EventCountry "HUN"]
[EventCategory "2"]
[SourceTitle "CBM 063 Extra"]
[Source "ChessBase"]
[SourceDate "1998.04.29"]
[SourceVersion "1"]
[SourceVersionDate "1998.04.29"]
[SourceQuality "1"]

1. c4 Nf6 2. Nc3 c5 3. Nf3 Nc6 4. g3 g6 5. Bg2 Bg7 6. 0-0 0-0 7. d3 d6 8. a3 a6 9. Rb1 Rb8 10. b4 cxb4 11. axb4 b5 12. cxb5 axb5 13. d4 Bf5 14. Rb3 Ne4 15. Nxe4 Bxe4 16. d5 Bxf3 17. Bxf3 Nd4 18. Ra3 Nxf3+ 19. exf3 Qc7 20. Re1 Bf6 21. Kg2 Rfe8 22. Bh6 Qc4 23. Re4 Qc7 24. g4 Ra8 25. Rae3 Ra1 26. Qe2 Rea8 27. Rxe7 Bxe7 28. Rxe7 Qd8 1-0

[Event "Szeged TT03 IM"]
[Site "Szeged"]
[Date "1998.03.20"]
[Round "2"]
[White "Bernath, Robert"]
[Black "Revuckij, Vladimir"]
[Result "0-1"]
[WhiteElo "2140"]
[BlackElo "2215"]
[PlyCount "80"]
[EventDate "1998.03.19"]
[EventType "tourn"]
[EventRounds "9"]
[EventCountry "HUN"]
[EventCategory "2"]
[SourceTitle "CBM 063 Extra"]
[Source "ChessBase"]
[SourceDate "1998.04.29"]
[SourceVersion "1"]
[SourceVersionDate "1998.04.29"]
[SourceQuality "1"]

1. e4 c5 2. Nf3 e6 3. d4 cxd4 4. Nxd4 Nf6 5. Nc3 d6 6. g4 Nc6 7. g5 Nd7 8. Be3 Be7 9. h4 0-0 10. Qh5 a6 11. 0-0-0 Nxd4 12. Bxd4 b5 13. Bd3 Re8 14. f4 b4 15. Ne2 Qc7 16. Kb1 Bb7 17. Rhg1 g6 18. Qg4 Bf8 19. Bf6 Nc5 20. Ng3 Rac8 21. Qe2 d5 22. e5 a5 23. h5 Nxd3 24. Qxd3 Qc4 25. Qd2 Rc7 26. hxg6 fxg6 27. f5 exf5 28. Nxf5 gxf5 29. g6 hxg6 30. Qh2 Ra8 31. Qh8+ Kf7 32. Qh7+ Ke6 33. Qg8+ Kd7 34. Qf7+ Kc6 35. Qxg6 Kb5 36. Rc1 f4 37. e6 Qe4 38. Qxe4 dxe4 39. Rcd1 Bc6 40. Be5 Re7 0-1

[Event "Szeged TT04 IM"]
[Site "Szeged"]
[Date "1998.??.??"]
[Round "2"]
[White "Revuckij, Vladimir"]
[Black "Bernath, Robert"]
[Result "1-0"]
[WhiteElo "2215"]
[BlackElo "2140"]
[PlyCount "79"]
[EventDate "1998.04.??"]
[EventType "tourn"]
[EventRounds "9"]
[EventCountry "HUN"]
[EventCategory "1"]
[SourceTitle "EXT 1999"]
[Source "ChessBase"]
[SourceDate "1998.11.16"]
[SourceVersion "1"]
[SourceVersionDate "1998.11.16"]
[SourceQuality "1"]

1. c4 Nf6 2. Nc3 e6 3. e4 c5 4. Nf3 Nc6 5. Be2 d6 6. 0-0 Be7 7. d4 cxd4 8. Nxd4 a6 9. Be3 Qc7 10. Qd2 0-0 11. Rac1 Bd7 12. f3 Rac8 13. Kh1 Qb8 14. Rfd1 Nxd4 15. Bxd4 b5 16. b3 Rfd8 17. Bxf6 gxf6 18. Qh6 Kh8 19. Qh5 Rg8 20. f4 Rc5 21. Qf3 b4 22. Nb1 Bc6 23. Qe3 Qb7 24. Bf3 f5 25. Nd2 e5 26. exf5 exf4 27. Qxf4 Bg5 28. Qd4+ Re5 29. Qxd6 Bxf3 30. Nxf3 Re2 31. c5 Qe4 32. Qd4+ Qxd4 33. Nxd4 Rxa2 34. Rc4 Be3 35. Nc2 Bf4 36. g3 Bc7 37. Nxb4 Rb2 38. Nxa6 Be5 39. c6 Rxb3 40. c7 1-0

[Event "Hlohovec op"]
[Site "Hlohovec"]
[Date "1998.??.??"]
[Round "9"]
[White "Revuckij, Vladimir"]
[Black "Drtina, Milan"]
[Result "1-0"]
[WhiteElo "2215"]
[BlackElo "2320"]
[PlyCount "39"]
[EventDate "1998.??.??"]
[EventType "swiss"]
[EventRounds "9"]
[EventCountry "SVK"]
[SourceTitle "EXT 2000"]
[Source "ChessBase"]
[SourceDate "1999.11.16"]
[SourceVersion "1"]
[SourceVersionDate "1999.11.16"]
[SourceQuality "1"]

1. d4 Nf6 2. c4 g6 3. Nc3 Bg7 4. e4 d6 5. f4 0-0 6. Nf3 c5 7. d5 a6 8. Be2 e6 9. 0-0 exd5 10. cxd5 Nbd7 11. a4 Re8 12. Qc2 h5 13. Bd2 Qe7 14. Bd3 b6 15. Rae1 Bb7 16. Bc4 Rad8 17. e5 dxe5 18. fxe5 Ng4 19. e6 Ndf6 20. d6 1-0

[Event "Szeged TT04 IM"]
[Site "Szeged"]
[Date "1998.??.??"]
[Round "1"]
[White "Revuckij, Vladimir"]
[Black "Farkas, Tibor"]
[Result "1/2-1/2"]
[WhiteElo "2215"]
[BlackElo "2340"]
[PlyCount "23"]
[EventDate "1998.04.??"]
[EventType "tourn"]
[EventRounds "9"]
[EventCountry "HUN"]
[EventCategory "1"]
[SourceTitle "EXT 1999"]
[Source "ChessBase"]
[SourceDate "1998.11.16"]
[SourceVersion "1"]
[SourceVersionDate "1998.11.16"]
[SourceQuality "1"]

1. e4 e5 2. Nf3 Nc6 3. Bb5 a6 4. Ba4 Nf6 5. 0-0 Be7 6. Re1 b5 7. Bb3 0-0 8. c3 d5 9. d4 exd4 10. e5 Ne4 11. cxd4 Bg4 12. Be3 1/2-1/2